Statystyki dla Bramkarze Arsenalu FC w XXI wieku

Kliknij tutaj aby rozwiązać quiz!

Ogólne statystyki

  • Ten quiz został rozwiązany 425 razy
    (55 od ostatniego zresetowania)
  • Średni wynik to 9 z 19

Statystyki odpowiedzi

Lata gryNarodowośćNazwisko% Poprawnych
2009-2015PolskaWojciech Szczęsny
98%
2007-2014PolskaŁukasz Fabiański
96%
2015-2019CzechyPetr Cech
90%
2018-2022NiemcyBernd Leno
79%
2014-2018KolumbiaDavid Ospina
77%
2021-AngliaAaron Ramsdale
75%
2023-HiszpaniaDavid Raya
73%
2011-2020ArgentynaEmiliano Martínez
71%
2003-2008 2011NiemcyJens Lehmann
65%
1990-2003AngliaDavid Seaman
44%
2021AustraliaMathew Ryan
38%
2004-2012HiszpaniaManuel Almunia
33%
2020-2021IslandiaRúnar Alex Rúnarsson
31%
2007-2013WłochyVito Mannone
19%
1997-2001AustriaAlexander Manninger
4%
2005-2007EstoniaMart Poom
2%
2002-2003SzwecjaRami Shaaban
0%
2001-2002AngliaRichard Wright
0%
1998-2005AngliaStuart Taylor
0%

Rozkład punktacji

Percentyl według liczby udzielonych odpowiedzi

Procent ludzi z każdym wynikiem

Twoja historia wyników

Nie rozwiązałeś tego quizu od ostatniego zresetowania